[Event "GER-chT U14"]
[Site "Willingen"]
[Date "2022.08.15"]
[Round "6.6"]
[White "Schwan, Aaron"]
[Black "Bongardt, Livius"]
[Result "1-0"]
[WhiteElo "1672"]
[BlackElo "1756"]
[PlyCount "79"]
[EventDate "2022.08.13"]
[EventType "team-swiss"]
[EventRounds "7"]
[EventCountry "GER"]
[SourceTitle "EXT 2023"]
[Source "ChessBase"]
[SourceDate "2022.10.05"]
[SourceVersion "1"]
[SourceVersionDate "2022.10.05"]
[SourceQuality "1"]
[WhiteTeam "Muenchen Tarrasch"]
[BlackTeam "Oberschoeneweide"]
[WhiteTeamCountry "GER"]
[BlackTeamCountry "GER"]

1. e4 e5 2. Nf3 Nc6 3. Bc4 Nf6 4. d3 Be7 5. c3 0-0 6. Nbd2 d5 7. Bb3 a6 8. Qe2 Re8 9. Nf1 h6 10. Ng3 Be6 11. 0-0 Bf8 12. h3 g6 13. Qc2 Bg7 14. Ne2 dxe4 15. dxe4 Qe7 16. g4 h5 17. g5 Bxh3 18. gxf6 Qxf6 19. Ng5 Bxf1 20. Bxf7+ Kh8 21. Bxe8 Rxe8 22. Kxf1 Bh6 23. Nf7+ Qxf7 24. Bxh6 Qf3 25. Rd1 Qh3+ 26. Ke1 Qh1+ 27. Kd2 Rd8+ 28. Kc1 Qh4 29. Rxd8+ Nxd8 30. Qd2 Nf7 31. Ng3 g5 32. Bf8 Qg4 33. Qe2 Qf4+ 34. Qe3 Qxe3+ 35. fxe3 h4 36. Nf5 Kh7 37. Kd1 h3 38. Ke2 h2 39. Ng3 g4 40. Be7 1-0

[Event "GER-chT U14"]
[Site "Willingen"]
[Date "2022.08.13"]
[Round "2.10"]
[White "Bongardt, Livius"]
[Black "Apel, Linus"]
[Result "1-0"]
[WhiteElo "1756"]
[BlackElo "1488"]
[PlyCount "85"]
[EventDate "2022.08.13"]
[EventType "team-swiss"]
[EventRounds "7"]
[EventCountry "GER"]
[SourceTitle "EXT 2023"]
[Source "ChessBase"]
[SourceDate "2022.10.05"]
[SourceVersion "1"]
[SourceVersionDate "2022.10.05"]
[SourceQuality "1"]
[WhiteTeam "Oberschoeneweide"]
[BlackTeam "Erfurt USV"]
[WhiteTeamCountry "GER"]
[BlackTeamCountry "GER"]

1. e4 e5 2. Nf3 Nc6 3. Bb5 Nf6 4. d3 Bc5 5. 0-0 d6 6. c3 0-0 7. Nbd2 Bg4 8. Re1 a6 9. Ba4 b5 10. Bb3 Re8 11. h3 Bh5 12. Nf1 d5 13. Qe2 d4 14. Ng3 Bg6 15. Nh4 Rb8 16. Nhf5 Nd7 17. h4 Bxf5 18. Nxf5 Nf6 19. Qf3 Ne7 20. Nh6+ Kf8 21. Bxf7 Ng6 22. Bxe8 Qxe8 23. Bg5 Rb6 24. Nf5 Kg8 25. b4 Bf8 26. cxd4 exd4 27. Rec1 Qd7 28. a3 Re6 29. Rc2 c6 30. Rac1 Be7 31. g4 h6 32. Bf4 Kf7 33. g5 hxg5 34. hxg5 Nh7 35. Qg3 Nxf4 36. Qxf4 Bxg5 37. Nh6+ Ke8 38. Qb8+ Ke7 39. Nf5+ Kf7 40. Rf1 Rg6 41. Kh1 Bd8 42. f4 Nf6 43. Qd6 1-0

[Event "GER-ch Net blitz qual4"]
[Site "Playchess.com INT"]
[Date "2020.03.23"]
[Round "1"]
[White "Bongardt, Livius"]
[Black "Buchenau, Frank"]
[Result "0-1"]
[WhiteElo "1610"]
[BlackElo "2272"]
[PlyCount "162"]
[EventDate "2020.03.23"]
[EventType "swiss (blitz)"]
[EventRounds "9"]
[EventCountry "GER"]
[SourceTitle "CBM 195 Extra"]
[Source "ChessBase"]
[SourceDate "2020.05.31"]
[SourceVersion "1"]
[SourceVersionDate "2020.05.31"]
[SourceQuality "1"]

1. e4 e6 2. d4 d5 3. Nc3 Nf6 4. Bg5 dxe4 5. Nxe4 Be7 6. Nxf6+ Bxf6 7. Bxf6 Qxf6 8. Nf3 0-0 9. Bd3 c5 10. c3 cxd4 11. cxd4 Bd7 12. 0-0 Bc6 13. Ne5 Rd8 14. g3 Bd5 15. f4 Nc6 16. Bb5 a6 17. Bxc6 Bxc6 18. Qd2 Rd6 19. Qe3 Rad8 20. Rfd1 Qf5 21. Rd2 Qe4 22. Qxe4 Bxe4 23. Rad1 f6 24. Nc4 Rc6 25. Ne3 h6 26. Kf2 g5 27. Ng4 Kg7 28. Ke3 Bf5 29. Nf2 gxf4+ 30. Kxf4 h5 31. h3 Rc4 32. Ke3 Rd5 33. g4 Bg6 34. Ne4 b6 35. Nc3 Rg5 36. Rg1 f5 37. Rdg2 Kf6 38. gxh5 Rxg2 39. Rxg2 Bxh5 40. h4 f4+ 41. Kd3 b5 42. b3 Rc8 43. Ne4+ Ke7 44. Rg7+ Kd8 45. Rg8+ Kc7 46. Rxc8+ Kxc8 47. Nc5 Bg4 48. Nxa6 Bf5+ 49. Ke2 Bg4+ 50. Kf2 Kb7 51. Nc5+ Kc6 52. Nd3 Kd5 53. Nxf4+ Kxd4 54. Ng6 e5 55. Ne7 e4 56. Nc6+ Kd5 57. Nb4+ Kd4 58. Nc2+ Kc3 59. Ne3 Bf3 60. h5 Bxh5 61. Ke1 Kb2 62. b4 Kxa2 63. Kd2 Kb3 64. Nd5 Bf7 65. Nf6 Bg6 66. Nd5 Kc4 67. Nf4 Bf5 68. Kc2 Kxb4 69. Nd5+ Kc5 70. Ne3 Be6 71. Kc3 b4+ 72. Kb2 Kd4 73. Nc2+ Kc4 74. Ne3+ Kd3 75. Nd1 e3 76. Nxe3 Kxe3 77. Kc1 Kd3 78. Kb2 b3 79. Kb1 Kc3 80. Kc1 b2+ 81. Kb1 Bf5+ 0-1

[Event "GER-ch Net blitz qual4"]
[Site "Playchess.com INT"]
[Date "2020.03.23"]
[Round "2"]
[White "Schirrmacher, Carsten"]
[Black "Bongardt, Livius"]
[Result "1-0"]
[WhiteElo "2102"]
[BlackElo "1610"]
[PlyCount "81"]
[EventDate "2020.03.23"]
[EventType "swiss (blitz)"]
[EventRounds "9"]
[EventCountry "GER"]
[SourceTitle "CBM 195 Extra"]
[Source "ChessBase"]
[SourceDate "2020.05.31"]
[SourceVersion "1"]
[SourceVersionDate "2020.05.31"]
[SourceQuality "1"]

1. e4 e5 2. Nf3 Nc6 3. Bb5 a6 4. Ba4 Nf6 5. 0-0 Be7 6. Bxc6 dxc6 7. d3 Bd6 8. b3 0-0 9. Bb2 Re8 10. Nbd2 c5 11. Nc4 Nd7 12. g3 b5 13. Ne3 Nf6 14. Nh4 g6 15. Nhg2 c6 16. f4 Qc7 17. f5 g5 18. Ng4 Nxg4 19. Qxg4 f6 20. h4 h6 21. Ne3 Qg7 22. Kg2 Kf7 23. Rh1 Bd7 24. Qh5+ Ke7 25. Ng4 Rh8 26. Ne3 Be8 27. Qe2 Bf7 28. c4 b4 29. a3 a5 30. hxg5 hxg5 31. axb4 axb4 32. Ng4 Rad8 33. Ra7+ Rd7 34. Rxd7+ Kxd7 35. Rxh8 Qxh8 36. Bc1 Ke7 37. Qa2 Qc8 38. Qd2 Qa6 39. Nxf6 Kf8 40. Qxg5 Ke7 41. Ng4+ 1-0

[Event "GER-ch U10"]
[Site "Willingen"]
[Date "2018.05.24"]
[Round "8"]
[White "Held, Momme Fredrik"]
[Black "Bongardt, Livius"]
[Result "1/2-1/2"]
[WhiteElo "1542"]
[BlackElo "1398"]
[PlyCount "71"]
[EventDate "2018.05.19"]
[EventType "swiss"]
[EventRounds "11"]
[EventCountry "GER"]
[SourceTitle "CBM 184 Extra"]
[Source "ChessBase"]
[SourceDate "2018.06.28"]
[SourceVersion "1"]
[SourceVersionDate "2018.06.28"]
[SourceQuality "1"]

1. e4 e5 2. Nf3 Nc6 3. Bc4 Bc5 4. c3 Nf6 5. d4 exd4 6. cxd4 Bb4+ 7. Bd2 Bxd2+ 8. Nbxd2 d5 9. exd5 Nxd5 10. Qb3 Na5 11. Qa4+ Nc6 12. Qa3 Qe7+ 13. Qxe7+ Ncxe7 14. 0-0 h6 15. Rfe1 0-0 16. Rac1 c6 17. Ne4 a6 18. Nc3 Be6 19. Bxd5 Nxd5 20. Nxd5 Bxd5 21. a3 Rfe8 22. Re3 Re6 23. Rce1 Rae8 24. Ne5 R8e7 25. Nd3 b6 26. Nb4 a5 27. Nxd5 cxd5 28. Kf1 Kf8 29. Ke2 Ke8 30. Kd3 Kd7 31. f4 Rxe3+ 32. Rxe3 Rxe3+ 33. Kxe3 Ke6 34. g4 g6 35. h4 h5 36. g5 1/2-1/2

[Event "GER-ch U10"]
[Site "Willingen"]
[Date "2018.05.23"]
[Round "6"]
[White "Bongardt, Livius"]
[Black "Burkart, Lloyd Shang"]
[Result "1/2-1/2"]
[WhiteElo "1398"]
[BlackElo "1254"]
[PlyCount "42"]
[EventDate "2018.05.19"]
[EventType "swiss"]
[EventRounds "11"]
[EventCountry "GER"]
[SourceTitle "CBM 184 Extra"]
[Source "ChessBase"]
[SourceDate "2018.06.28"]
[SourceVersion "1"]
[SourceVersionDate "2018.06.28"]
[SourceQuality "1"]

1. e4 c5 2. d4 cxd4 3. c3 dxc3 4. Nxc3 Nc6 5. Nf3 e6 6. Bc4 a6 7. Bf4 Nge7 8. 0-0 Ng6 9. Bg3 Be7 10. Qe2 0-0 11. Rfd1 b5 12. Bb3 Bb7 13. Qd3 Na5 14. Re1 Nxb3 15. axb3 Rc8 16. Rad1 Qb6 17. Bd6 Bxd6 18. Qxd6 Qxd6 19. Rxd6 Bc6 20. Ra1 Ra8 21. Nd2 Rfc8 1/2-1/2

[Event "GER-ch U10"]
[Site "Willingen"]
[Date "2018.05.21"]
[Round "3"]
[White "Kamleiter, Noah"]
[Black "Bongardt, Livius"]
[Result "0-1"]
[WhiteElo "1213"]
[BlackElo "1398"]
[PlyCount "80"]
[EventDate "2018.05.19"]
[EventType "swiss"]
[EventRounds "11"]
[EventCountry "GER"]
[SourceTitle "CBM 184 Extra"]
[Source "ChessBase"]
[SourceDate "2018.06.28"]
[SourceVersion "1"]
[SourceVersionDate "2018.06.28"]
[SourceQuality "1"]

1. e4 c5 2. Nf3 e6 3. d4 cxd4 4. Nxd4 a6 5. Nc3 Qc7 6. Be2 Be7 7. 0-0 Nf6 8. Bg5 b5 9. Bf3 Nc6 10. Nxc6 dxc6 11. e5 Nd5 12. Nxd5 cxd5 13. Bxe7 Qxe7 14. Qd4 0-0 15. c3 Bb7 16. Bd1 Rac8 17. Bc2 Rc4 18. Qd3 g6 19. Rfe1 Rd8 20. Re3 d4 21. cxd4 Rdxd4 22. Qb3 Bd5 23. a3 Qc5 24. Re2 Be4 25. Bd1 Rd3 26. Qa2 Rc1 27. h3 Bd5 28. b3 Bxb3 29. Qb2 Rxa1 30. Qxa1 Rxd1+ 31. Qxd1 Bxd1 32. Re1 Bb3 33. Ra1 Qxe5 34. Rc1 Bc4 35. Rd1 a5 36. Rd8+ Kg7 37. Ra8 h5 38. g3 Bd5 39. Rc8 Qe1+ 40. Kh2 Qh1# 0-1

[Event "GER-ch U10"]
[Site "Willingen"]
[Date "2018.05.20"]
[Round "1"]
[White "Deuer, Marius"]
[Black "Bongardt, Livius"]
[Result "1-0"]
[WhiteElo "1876"]
[BlackElo "1398"]
[PlyCount "65"]
[EventDate "2018.05.19"]
[EventType "swiss"]
[EventRounds "11"]
[EventCountry "GER"]
[SourceTitle "CBM 184 Extra"]
[Source "ChessBase"]
[SourceDate "2018.06.28"]
[SourceVersion "1"]
[SourceVersionDate "2018.06.28"]
[SourceQuality "1"]

1. e4 e5 2. Nf3 Nc6 3. Bb5 a6 4. Ba4 b5 5. Bb3 Bb7 6. c3 Bc5 7. 0-0 d6 8. d4 exd4 9. cxd4 Bb6 10. Ng5 Nh6 11. Nf3 Qe7 12. e5 dxe5 13. dxe5 Nf5 14. Bg5 Qd7 15. Qxd7+ Kxd7 16. Bxf7 h6 17. e6+ Kc8 18. Bf4 Bd4 19. Nxd4 Nfxd4 20. Nc3 b4 21. Nd5 Ne2+ 22. Kh1 Nxf4 23. Nxf4 Ne7 24. Rfd1 Bc6 25. Rac1 Rd8 26. Rxd8+ Kxd8 27. Rd1+ Kc8 28. Ng6 Nxg6 29. Bxg6 Kb7 30. e7 Be8 31. Be4+ c6 32. Rd8 Rc8 33. Bf5 1-0

[Event "GER-chT U10"]
[Site "Magdeburg"]
[Date "2017.12.28"]
[Round "4.1"]
[White "Zhou, Lepu Coco"]
[Black "Bongardt, Livius"]
[Result "1-0"]
[WhiteElo "1499"]
[BlackElo "1113"]
[PlyCount "67"]
[EventDate "2017.12.27"]
[EventType "team-swiss"]
[EventRounds "7"]
[EventCountry "GER"]
[SourceTitle "EXT 2019"]
[Source "ChessBase"]
[SourceDate "2018.10.10"]
[SourceVersion "1"]
[SourceVersionDate "2018.10.10"]
[SourceQuality "1"]
[WhiteTeam "Berlin Schachpinguine"]
[BlackTeam "Oberschoeneweide"]
[WhiteTeamCountry "GER"]
[BlackTeamCountry "GER"]

1. e4 e5 2. Nf3 Nc6 3. Bb5 d6 4. c3 Bd7 5. 0-0 Nf6 6. d4 exd4 7. cxd4 a6 8. Ba4 b5 9. Bc2 Bg4 10. Be3 Be7 11. Nbd2 0-0 12. Re1 d5 13. e5 Nd7 14. Nf1 Nb6 15. Qd3 g6 16. a3 Nc4 17. Bh6 Re8 18. b3 Nb6 19. Ne3 Bxf3 20. gxf3 Bg5 21. Ng4 Re6 22. f4 Bxh6 23. Nxh6+ Kg7 24. Qe3 Ne7 25. f5 gxf5 26. Nxf5+ Nxf5 27. Bxf5 Rh6 28. Qg3+ Kh8 29. Kh1 Qe7 30. Rg1 f6 31. Rae1 Rh5 32. exf6 Qxf6 33. Re6 Qf8 34. Qe5+ 1-0